[Event "4NCL Division 1b"]
[Site "Birmingham, ENG ENG"]
[Date "2016.01.24"]
[Round "4.183"]
[White "Camus de Solliers, Guillaume"]
[Black "Wells, Peter K"]
[Result "1-0"]
[WhiteElo "2354"]
[BlackElo "2434"]
[PlyCount "95"]
[EventDate "2016.01.24"]
[WhiteTeam "Cambridge University 1"]
[BlackTeam "White Rose 1"]

1. d4 Nf6 2. Nf3 e6 3. c4 b6 4. g3 Bb4+ 5. Bd2 Be7 6. Qc2 Bb7 7. Nc3 Nc6 8. e4
Nb4 9. Qb1 d5 10. cxd5 exd5 11. e5 Ne4 12. Be3 f5 13. exf6 Bxf6 14. a3 Nxc3 15.
bxc3 Nc6 16. Bd3 g6 17. h4 Qd7 18. O-O O-O-O 19. Bf4 Rde8 20. Ra2 Rhf8 21. Re1
Be7 22. Ne5 Nxe5 23. Bxe5 Rf3 24. Bb5 c6 25. Be2 Rxc3 26. Qb2 Rc4 27. Bxc4 dxc4
28. Qe2 c5 29. Bf6 c3 30. Bxe7 Qh3 31. f3 Qxg3+ 32. Kf1 Rxe7 33. Qxe7 Qxf3+ 34.
Rf2 Qh3+ 35. Ke2 Qg4+ 36. Kd3 Qxd4+ 37. Kc2 Qxf2+ 38. Kxc3 Bc6 39. Re5 Qd4+ 40.
Kc2 Qd7 41. Qf8+ Qd8 42. Qf4 Kb7 43. Re6 Bb5 44. Qe4+ Ka6 45. a4 Bf1 46. Re7
Qd6 47. Rxh7 Qh2+ 48. Kc3 {Scoresheet illegible} 1-0

[Event "4NCL Division 1b"]
[Site "Birmingham, ENG ENG"]
[Date "2016.01.24"]
[Round "4.184"]
[White "Palliser, Richard J D"]
[Black "Bisby, Daniel L"]
[Result "1-0"]
[WhiteElo "2420"]
[BlackElo "2297"]
[PlyCount "67"]
[EventDate "2016.01.24"]
[WhiteTeam "White Rose 1"]
[BlackTeam "Cambridge University 1"]

1. d4 Nf6 2. Bg5 Ne4 3. h4 d5 4. Nd2 Bf5 5. Nxe4 Bxe4 6. f3 Bf5 7. g4 Bd7 8. e4
h6 9. Bf4 dxe4 10. fxe4 e5 11. Bxe5 Nc6 12. Bg3 Qe7 13. c3 Qxe4+ 14. Qe2 Qxe2+
15. Bxe2 O-O-O 16. Nh3 Re8 17. Kf2 h5 18. gxh5 Rh6 19. Bf3 Rf6 20. Kg2 Re3 21.
Ng5 Na5 22. Rhf1 Nc4 23. Rf2 Be7 24. b3 Nd6 25. Be5 Rf5 26. Bg4 Rxg5 27. hxg5
Bxg4 28. h6 gxh6 29. gxh6 Bh3+ 30. Kg1 f6 31. h7 Nf7 32. Bxf6 Rg3+ 33. Kh1 Bd6
34. Be5 1-0

[Event "4NCL Division 1b"]
[Site "Birmingham, ENG ENG"]
[Date "2016.01.24"]
[Round "4.185"]
[White "Eckersley-Waites, Adam"]
[Black "Gourlay, Iain"]
[Result "0-1"]
[WhiteElo "2280"]
[BlackElo "2406"]
[PlyCount "76"]
[EventDate "2016.01.24"]
[WhiteTeam "Cambridge University 1"]
[BlackTeam "White Rose 1"]

1. e4 c5 2. Nf3 e6 3. d4 cxd4 4. Nxd4 Nc6 5. Nc3 Qc7 6. Be3 a6 7. Bd3 Nf6 8.
O-O Ne5 9. Nf3 Neg4 10. Bg5 d6 11. Qe2 Be7 12. a4 O-O 13. Kh1 Bd7 14. Rad1 h6
15. Bh4 Rfe8 16. h3 Ne5 17. Bg3 Nxf3 18. Qxf3 Bc6 19. Qe3 Qa5 20. Rb1 d5 21. e5
Ne4 22. Nxe4 dxe4 23. Bxe4 Qxa4 24. Bd3 Red8 25. Bf4 Rac8 26. Qg3 Kh8 27. Rbd1
Be4 28. Bxh6 gxh6 29. Qe3 Bxd3 30. Rxd3 Rxd3 31. Qxh6+ Kg8 32. cxd3 Qh4 33. Qe3
Bc5 34. Qf3 Rc6 35. Kg1 Bd4 36. Re1 Rc2 37. Re2 Rxe2 38. Qxe2 Qf4 0-1

[Event "4NCL Division 1b"]
[Site "Birmingham, ENG ENG"]
[Date "2016.01.24"]
[Round "4.186"]
[White "Gantner, Matthias"]
[Black "Yanayt, Eugene"]
[Result "1-0"]
[WhiteElo "2274"]
[BlackElo "2222"]
[PlyCount "87"]
[EventDate "2016.01.24"]
[WhiteTeam "White Rose 1"]
[BlackTeam "Cambridge University 1"]

1. e4 e6 2. d4 d5 3. Nc3 Nf6 4. Bg5 Be7 5. e5 Nfd7 6. h4 f6 7. exf6 Nxf6 8. Bd3
O-O 9. Nf3 c5 10. dxc5 Nc6 11. Qe2 Nb4 12. O-O-O Qa5 13. a3 Nxd3+ 14. Rxd3 Bxc5
15. Ne5 b5 16. Rf3 b4 17. Nc6 Qb6 18. axb4 Qxc6 19. bxc5 Ba6 20. Qe3 Nd7 21.
Be7 Rxf3 22. gxf3 e5 23. Rg1 Kh8 24. Bd6 Rg8 25. Bxe5 Nxe5 26. Qxe5 Qxc5 27.
Ne4 Qf8 28. Ng5 h6 29. Qe6 Qf6 30. Qxf6 gxf6 31. Nf7+ Kh7 32. Rxg8 Kxg8 33.
Nxh6+ Kg7 34. Nf5+ Kf7 35. Kd2 Ke6 36. Nd4+ Ke7 37. Ke3 Bc8 38. Ne2 Kd6 39. Kd4
Bf5 40. c3 Be6 41. Nf4 Bg8 42. h5 Kc6 43. h6 Kd6 44. Ng6 1-0

[Event "4NCL Division 1b"]
[Site "Birmingham, ENG ENG"]
[Date "2016.01.24"]
[Round "4.187"]
[White "Hill, Alistair"]
[Black "Maroroa, Sue"]
[Result "0-1"]
[WhiteElo "2167"]
[BlackElo "2297"]
[PlyCount "86"]
[EventDate "2016.01.24"]
[WhiteTeam "Cambridge University 1"]
[BlackTeam "White Rose 1"]

1. Nf3 Nf6 2. c4 g6 3. Nc3 Bg7 4. e4 d6 5. d4 O-O 6. Be2 e5 7. O-O Nbd7 8. Qc2
c6 9. d5 c5 10. Ne1 Ne8 11. Nd3 f5 12. f3 f4 13. a3 g5 14. b4 b6 15. g4 h5 16.
h3 Kf7 17. Kg2 Rh8 18. Bd2 Nf8 19. Rh1 Ng6 20. Be1 Nf6 21. a4 a5 22. bxc5 bxc5
23. Rb1 hxg4 24. hxg4 Rxh1 25. Kxh1 Qh8+ 26. Kg2 Nh4+ 27. Kg1 Qh6 28. Nb5 Bf8
29. Qb2 Be7 30. Nc7 Bxg4 31. Nxa8 Nxf3+ 32. Bxf3 Bxf3 33. Qh2 Qg6 34. Rb7 Qxe4
35. Qh6 Qe3+ 36. Bf2 Qxd3 37. Rxe7+ Kxe7 38. Qg7+ Kd8 39. Qxf6+ Kc8 40. Nb6+
Kb7 41. Qe7+ Ka6 42. Na8 Qd1+ 43. Kh2 Qh1# 0-1

[Event "4NCL Division 1b"]
[Site "Birmingham, ENG ENG"]
[Date "2016.01.24"]
[Round "4.188"]
[White "Townsend, M Paul"]
[Black "Chevannes, Sabrina L"]
[Result "0-1"]
[WhiteElo "2268"]
[BlackElo "2084"]
[PlyCount "82"]
[EventDate "2016.01.24"]
[WhiteTeam "White Rose 1"]
[BlackTeam "Cambridge University 1"]

1. Nf3 d5 2. g3 Nf6 3. Bg2 c6 4. c4 Bf5 5. cxd5 cxd5 6. Qb3 Nc6 7. Qxb7 Bd7 8.
Qb3 e5 9. d3 Rb8 10. Qd1 Bb4+ 11. Nfd2 h5 12. Nc3 h4 13. e3 Ne7 14. O-O hxg3
15. fxg3 Ng4 16. Qf3 f6 17. h3 Nxe3 18. Qxe3 d4 19. Qf2 dxc3 20. Ne4 Nd5 21.
bxc3 Nxc3 22. Bb2 Nxe4 23. Bxe4 Qb6 24. Bg6+ Ke7 25. d4 Rxh3 26. Be4 Rbh8 27.
Rac1 Bd6 28. Bg2 Rh2 29. dxe5 Rxg2+ 30. Kxg2 Qb7+ 31. Qf3 Qxb2+ 32. Qf2 Qb7+
33. Qf3 Qb2+ 34. Qf2 Qxf2+ 35. Rxf2 Bxe5 36. Re2 Kf7 37. Re3 Be6 38. Ra3 Bd5+
39. Kf2 Rh2+ 40. Ke3 Rxa2 41. Rxa2 Bxa2 0-1